000
00302nam a22001457a 4500
008
230324b ||||| |||| 00| 0 eng d
020
_a
394328159
041
_a
eng
080
_a
159.9
082
_a
159.9SEK
100
_a
25
101
_a
PSI
245
_a
PERCEPTION
_c
SEKULER.R
942
_2
udc
_c
BK
999
_c
59439
_d
59439